Tendencie v menovom vývoji SR Príloha

Vplyv hospodárskej situácie na menovú politiku Slovenska. Menový vývoj v septembri 1997. Stav peňažnej zásoby M2. Vývoj devízových rezerv, zadlženosti a zahraničnej zadlženosti na obyvateľa v SR v období spetember 1996 - júl 1997. Faktory ovplyvňujúce smerovanie súčasného menového vývoja.

Gespeichert in:
Bibliographische Detailangaben
1. Verfasser: Oberhauser, Ján Artur
Format: Buchkapitel
Sprache:Slowakisch
Schlagworte:
Tags: Tag hinzufügen
Keine Tags, Fügen Sie das erste Tag hinzu!

MARC

LEADER 00000naa a2200000 4500
001 r028027
005 20230824093329.0
041 0 |a slo 
044 |a SK 
245 1 0 |a Tendencie v menovom vývoji SR  |b Príloha  |c Ján Artur Oberhauser 
520 |a Vplyv hospodárskej situácie na menovú politiku Slovenska. Menový vývoj v septembri 1997. Stav peňažnej zásoby M2. Vývoj devízových rezerv, zadlženosti a zahraničnej zadlženosti na obyvateľa v SR v období spetember 1996 - júl 1997. Faktory ovplyvňujúce smerovanie súčasného menového vývoja. 
610 2 0 |a politika menová 
610 2 0 |a Slovensko 
610 2 0 |a situácia hospodárska 
610 2 0 |a vývoj menový 
610 2 0 |a 1996-1997 
100 1 |a Oberhauser, Ján Artur